| 000 | 00729nam a22002057a 4500 | ||
|---|---|---|---|
| 008 | 100506s2004 enk|||||s|||| 000 0 eng d | ||
| 020 | _a1851446672 | ||
| 082 |
_222 _a919.89 _bANT |
||
| 110 |
_913778 _aRoyal Institution of Great Britain |
||
| 245 |
_aAntarctica/ _cRoyal Institution of Great Britain.; Leverhulme Trust |
||
| 260 |
_aLondon: _bRoyal Institution : Leverhulme Trust :, 2004 _c2004 |
||
| 300 |
_a 1 CD-ROM : _b sd., col ; _c 4 3/4 in. |
||
| 490 | _aRoyal Institute Christmas Lectures 2004 | ||
| 651 |
_913842 _aAntarctica |
||
| 710 |
_913779 _aLeverhulme Trust |
||
| 942 |
_2ddc _cDVD _hRDA-MOD |
||
| 999 |
_c13966 _d13966 |
||
| 336 |
_2rdacontent _atext _btxt |
||
| 337 |
_aunmediated _2rdamedia _bn |
||
| 338 |
_avolume _bnc _2rdacarrier |
||